| 000 | 00499nam a2200121Ia 4500 | ||
|---|---|---|---|
| 008 | 160712s9999 xx 000 0 und d | ||
| 100 | _aNicolas, Justin Francis Leon V. | ||
| 245 |
_cJustin Francis Leon V. Nicolas _aThe Meaning of Creativity among Filipino Social Workers and its Implications to Governance |
||
| 260 |
_c2013 _bPhilippine Journal of Social Development |
||
| 300 | _avol. 5 | ||
| 650 | _xSOCIAL DEVELOPMENT | ||
| 856 | _uhttp://journals.upd.edu.ph/index.php/pjsd/issue/view/415/showToc | ||
| 999 |
_c297377 _d297377 |
||